| 000 | 00688nam a22002177a 4500 | ||
|---|---|---|---|
| 003 | koha_MIRAKIL | ||
| 005 | 20260417120011.0 | ||
| 008 | 260417b tur||||| |||| 00| 0 tur d | ||
| 020 | _a9789758142378 | ||
| 040 |
_aTR-IsEVY _btur _cTR-IsEVY |
||
| 082 | _aFIC DEL/S | ||
| 100 | _aDelton, Judy | ||
| 245 | 0 |
_aSahne korkusu / _cJudy Delton ; resimleyen Alan Tiegreen. |
|
| 250 | _a12. bs. | ||
| 260 |
_aİstanbul : _bGünışığı Kitaplığı, _c2025. |
||
| 300 |
_a95 s. : _bresimli ; _c19 cm. |
||
| 490 | 0 | _aMinik İzciler. | |
| 650 |
_aÇocuk Edebiyatı. _vÇocuk Hikayeleri. _vYetenekler. _vSorumluluklar. _vBaşarı. |
||
| 700 | 1 |
_aTiegreen, Alan. _cresimleyen. |
|
| 942 |
_2ddc _cBK |
||
| 999 |
_c23511 _d23511 |
||